000 01395nam a2200181 a 4500
001 000038402
005 20210420113209.0
008 130412s2010 xxuacd 000 0 spa d
020 _a9789280644760
040 _aDO-SdBNP
_bspa
_cBNPHU
110 _aFondo de las Naciones Unidas para la Infancia
_99270
245 1 3 _aLa infancia y el SIDA :
_bquinto inventario de la situación, 2010/.
246 1 0 _aQuinto inventario de la situación, 2010.
260 _aNew York :
_bFondo de las Naciones Unidas para la Infancia,
_c2010.
300 _a48 p. :
_bil. ;
_c30 cm.
500 _aTexto a dos columnas
505 0 _tIntroducción --
_tPrevención de la transmisión de madre a hijo --
_tTratamiento y atención pediátrica --
_tPrevenir la infección entre los adolescentes y los jóvenes --
_tProtección, atención y apoyo para los niños y niñas afectados por el VIH y el SIDA --
_tSupervisión y evaluación de programas --
_tInversión : lo que necesitan las mujeres y la infancia --
_tLlamamiento a la acción --
_tReferencias --
_tAnexo : notas sobre los datos --
_tObjetivo 1. Prevenir la transmisión de madre a hijo en los países de bajos y mediados ingresos --
_tObjetivo 2. Tratamiento pediátrico en los países de bajos y medianos ingresos --
_tObjetivo 3. Prevenir la infección entre los adolescentes y los jóvenes--
_tObjetivo 4. Proteges y ayudara los niños afectados por el VIH y el SIDA --
999 _c37892
_d37892